Koronavirová pandemie jako podnět k nové spoločenské smlouvě?

Dôsledky súčasej koronavírusovej pandémie a zamyslenie sa nad sociálnymi a politickými vplyvmi, ako aj celou radou vecí týkajúcich sa každodenného života občanov. Rozdelenie pôsobnosti medzi štátom a samosprávou.

Gespeichert in:
Bibliographische Detailangaben
1. Verfasser: Kotíková, Jaromíra
Weitere Verfasser: Víšek, Petr
Format: Buchkapitel
Sprache:Tschechisch
Schlagworte:
Tags: Tag hinzufügen
Keine Tags, Fügen Sie das erste Tag hinzu!

MARC

LEADER 00000naa a2200000 4500
001 0263399
005 20200506104220.7
041 0 |a cze 
044 |a CZ 
245 1 0 |a Koronavirová pandemie jako podnět k nové spoločenské smlouvě?  |c Jaromíra Kotíková, Petr Víšek 
520 |a Dôsledky súčasej koronavírusovej pandémie a zamyslenie sa nad sociálnymi a politickými vplyvmi, ako aj celou radou vecí týkajúcich sa každodenného života občanov. Rozdelenie pôsobnosti medzi štátom a samosprávou. 
610 2 0 |a politika sociálna 
610 2 0 |a samospráva 
610 2 0 |a štát 
610 2 0 |a pomoc hospodárska 
610 2 0 |a pomoc sociálna 
610 2 0 |a problémy spoločenské 
100 1 |a Kotíková, Jaromíra 
700 1 |a Víšek, Petr